2012 NBA Playoffs - Statistics

General Stats
  • This quiz has been taken 933 times
  • The average score is 13 of 16
Answers on the Map
Answers color-coded by a green-red scale on the quiz's map according to % correct below.
 
Answer Stats
Team % Correct
Miami Heat
99%
San Antonio Spurs
95%
Boston Celtics
94%
Los Angeles Lakers
92%
Oklahoma City Thunder
92%
Dallas Mavericks
89%
Los Angeles Clippers
83%
Chicago Bulls
82%
Indiana Pacers
82%
New York Knicks
80%
Atlanta Hawks
75%
Orlando Magic
75%
Philadelphia 76ers
74%
Denver Nuggets
73%
Memphis Grizzlies
72%
Utah Jazz
65%
No matching quizzes found
Score Distribution
Percent of People with Each Score
Percentile by Number Answered
Your Score History
You have not taken this quiz